Statistics for 20 Cities on a World Map #3

Click here to take the quiz!

General Stats

  • This quiz has been taken 781 times
  • The average score is 16 of 20

Answers on the Map

Answers color-coded by a green-red scale on the quiz's map according to % correct below.
 

Answer Stats

City% Correct
London
98%
Rome
96%
Barcelona
94%
Cape Town
93%
Seattle
93%
Dubai
91%
Beijing
89%
Kiev
87%
Hamburg
85%
Colombo
83%
Mogadishu
78%
Kolkata
76%
Guadalajara
74%
Darwin
73%
Freetown
66%
Lahore
63%
Manaus
62%
Marrakech
62%
Yangon
59%
Ürümqi
43%

Score Distribution

Percentile by Number Answered

Percent of People with Each Score

Your Score History

You have not taken this quiz